<?xml version="1.0" encoding="UTF-8"?>
<record
    xmlns:xsi="http://www.w3.org/2001/XMLSchema-instance"
    xsi:schemaLocation="http://www.loc.gov/MARC21/slim http://www.loc.gov/standards/marcxml/schema/MARC21slim.xsd"
    xmlns="http://www.loc.gov/MARC21/slim">

  <leader>01087nab a2200217 i 4500</leader>
  <controlfield tag="001">BPP</controlfield>
  <controlfield tag="003">BPK</controlfield>
  <controlfield tag="005">20160402140249.0</controlfield>
  <controlfield tag="008">150626s1985    pl  n  f     |000  0pol</controlfield>
  <datafield tag="040" ind1=" " ind2=" ">
    <subfield code="c">BPK</subfield>
  </datafield>
  <datafield tag="080" ind1=" " ind2=" ">
    <subfield code="a">94(438).081</subfield>
  </datafield>
  <datafield tag="100" ind1=" " ind2=" ">
    <subfield code="a">POLAK, Bogus&#x142;aw.</subfield>
    <subfield code="d"> 1979 - 1996. </subfield>
    <subfield code="b">Wy&#x17C;sza Szko&#x142;a In&#x17C;ynierska w Koszalinie - Instytut Nauk Spo&#x142;ecznych</subfield>
  </datafield>
  <datafield tag="245" ind1=" " ind2=" ">
    <subfield code="a">Rola Dow&#xF3;dztwa G&#x142;&#xF3;wnego w Poznaniu w przebiegu Powstania Wielkopolskiego 1918 - 1919 r. /</subfield>
    <subfield code="c">Bogus&#x142;aw Polak.</subfield>
  </datafield>
  <datafield tag="260" ind1=" " ind2=" ">
    <subfield code="c">1985.</subfield>
  </datafield>
  <datafield tag="500" ind1=" " ind2=" ">
    <subfield code="a">Dane z autopsji.</subfield>
  </datafield>
  <datafield tag="520" ind1=" " ind2=" ">
    <subfield code="a">Artyku&#x142; przedstawia wybuch powstania w Wielkopolsce, utworzenie i dzia&#x142;alno&#x15B;&#x107; Dow&#xF3;dztwa G&#x142;&#xF3;wnego, przebieg dzia&#x142;a&#x144; bojowych. Dzia&#x142;alno&#x15B;&#x107; Dow&#xF3;dztwa G&#x142;&#xF3;wnego uzale&#x17C;niona by&#x142;a od czynnika politycznego, od koncepcji Naczelnej Rady Ludowej i jej Komisariatu.</subfield>
  </datafield>
  <datafield tag="650" ind1=" " ind2="0">
    <subfield code="a">Powstanie 1918 r. wielkopolskie. </subfield>
  </datafield>
  <datafield tag="650" ind1=" " ind2="0">
    <subfield code="a">Pozna&#x144; (woj. wielkopolskie). </subfield>
  </datafield>
  <datafield tag="773" ind1=" " ind2=" ">
    <subfield code="i">W :</subfield>
    <subfield code="t">Koszali&#x144;skie Studia i Materia&#x142;y. -</subfield>
    <subfield code="d">Koszalin : Koszali&#x144;ski O&#x15B;rodek Naukowo-Badawczy, 1985. -</subfield>
    <subfield code="g">1983, nr 2(42), s. 9-42</subfield>
  </datafield>
  <datafield tag="942" ind1=" " ind2=" ">
    <subfield code="c">ART</subfield>
    <subfield code="2">UKD</subfield>
  </datafield>
  <datafield tag="999" ind1=" " ind2=" ">
    <subfield code="c">4058</subfield>
    <subfield code="d">4058</subfield>
  </datafield>
  <datafield tag="952" ind1=" " ind2=" ">
    <subfield code="0">0</subfield>
    <subfield code="1">0</subfield>
    <subfield code="4">0</subfield>
    <subfield code="7">0</subfield>
    <subfield code="a">BPK</subfield>
    <subfield code="b">BPK</subfield>
    <subfield code="o">0856</subfield>
    <subfield code="y">ART</subfield>
  </datafield>
</record>
